000
00313nam a22001337a 4500
008
170329b xxu||||| |||| 00| 0 eng d
020
_a
0838514146
041
_a
eng
080
_2
9TH
_a
616-053.2
100
_a
8
101
_a
SHM
245
_a
CURRENT PEDIATRIC DIAGNOSIS & TRATMENT
_c
KEMPE, C.H
942
_2
udc
_c
BK
999
_c
9044
_d
9044